000 00626nam a2200241Ia 4500
003 OSt
005 20221007101223.0
006 a|||||r|||| 00| 0
007 ta
008 221006b |||||||| |||| 00| 0 eng d
024 _a6,055
037 _cTextual
040 _aLCO
_cLCO
_beng
041 _2eng
_aeng
082 _aZ0aR, L3
100 _aKENT EDWARD ALLEN
_9702728
245 0 _aLaw and Philosophy
_b Reading in Legal Philosophy
260 _aN.
_bY. A. C. C.
_c1970
300 _a633
650 _aPHILOSOPHY
942 _hZ0aR, L3
_cTEXL
999 _c1175618
_d1175618